Hospitals & health networks

Presents the online version of "Hospitals & Health Networks (H & HN)," a monthly publication for physicians and hospital managers, published by American Hospital Publishing, Inc. Includes news items, feature stories, and information on research and trends in the health care industry. Provides inform...

Descripción completa

Detalles Bibliográficos
Título anterior:Hospitals (Chicago, Ill. : 1936 : Online)
Formato: Electrónico Revista
Lenguaje:inglés
Publicado: Chicago, IL : American Hospital Pub.
Materias:
Acceso en línea:Full text available from Research Library: 06/05/1993 to 12/31/2017

MARC

LEADER 00000nas a2200000 a 4500
001 ssj0001917
003 WaSeSS
005 20200512172242.0
006 m d
007 cr n
008 980429d19932017ilumr pss 0 a0eng c
010 |a  2008201943 
022 |a 1943-5169  |l 1068-8838  |y 1068-8838 
035 |a (WaSeSS)ssj0001917 
037 |b American Hospital Association, 29th Floor, Chicago, IL 60606 
040 |a FGA  |b eng  |c FGA  |d OCL  |d OCLCQ  |d N@F  |d FQM  |d OCLCQ  |d DLC  |d LGG  |d OCLCQ  |d OCLCO  |d OCLCQ  |d OCLCF  |d OCLCO  |d OCLCQ  |d OCLCO  |d OCLCQ  |d OCLCA  |d OCLCQ  |d BUF  |d OCLCO  |d GUA  |d U3W  |d OCLCO  |d OCLCQ  |d OCLCO  |d AU@  |d OCLCO  |d WYU  |d OCLCO  |d AUD  |d OCLCA  |d VT2  |d OCLCO  |d OCLCQ  |d OCLCO  |d OCLCA  |d WaSeSS 
042 |a pcc  |a nsdp 
043 |a n-us---  |a n-cn--- 
050 1 4 |a RA960  |b .H6 
060 0 0 |a W1  |b HO934H 
082 1 0 |a 362  |2 14 
130 0 |a Hospitals & health networks (Online) 
222 0 |a Hospitals & health networks  |b (Online) 
245 1 0 |a Hospitals & health networks  |h [electronic resource]. 
246 3 |a Hospitals and health networks 
260 |a Chicago, IL :  |b American Hospital Pub. 
310 |a Monthly,  |b <1999-> 
362 1 |a Print began with vol. 67, no. 11 (June 5, 1993); ceased with issue for December 2017. 
500 |a Ceased online and in print in 2017; unclear whether resource will continue as an integrating website or not. 
506 |a License restrictions may limit access. 
520 8 |a Presents the online version of "Hospitals & Health Networks (H & HN)," a monthly publication for physicians and hospital managers, published by American Hospital Publishing, Inc. Includes news items, feature stories, and information on research and trends in the health care industry. Provides information on individual corporations and people. Contains an article archive and a reader forum. Links to the publisher's home page and to information on related publications. 
588 |a Description based on: Vol. 65, issue 1 (Jan. 5, 1991); title from available issues screen (viewed Apr. 28, 1998). 
588 |a Latest issue consulted: July 2008 (publisher's Web site, viewed July 24, 2008). 
650 0 |a Hospitals  |v Periodicals. 
650 0 |a Hospitals  |z United States  |v Periodicals. 
650 0 |a Hospitals  |z Canada  |v Periodicals. 
650 0 |a Health facilities  |v Periodicals. 
650 0 |a Medical care  |v Periodicals. 
650 1 2 |a Hospitals. 
650 1 2 |a Health Facilities. 
650 7 |a Health facilities.  |2 fast  |0 (OCoLC)fst00952947 
650 7 |a Hospitals.  |2 fast  |0 (OCoLC)fst00961166 
650 7 |a Medical care.  |2 fast  |0 (OCoLC)fst01013753 
651 7 |a Canada.  |2 fast  |0 (OCoLC)fst01204310 
651 7 |a United States.  |2 fast  |0 (OCoLC)fst01204155 
655 0 |a Electronic journals. 
776 0 8 |i Print version:  |t Hospitals & health networks  |x 1068-8838  |w (DLC) 93650324  |w (OCoLC)27839964 
780 0 0 |t Hospitals (Chicago, Ill. : 1936 : Online)  |x 1943-5177  |w (DLC) 2008201949  |w (OCoLC)60620617 
856 4 0 |z Full text available from Research Library: 06/05/1993 to 12/31/2017  |u https://search.proquest.com/publication/40795